Score 0/119 Timer 07:00
0 Plays Today
שנה שחקן % Correct
2010 (ברצלונה)ליאו מסי
99.4%
2011 (ברצלונה)ליאו מסי
99.4%
2011 (ברצלונה)ליאו מסי
99.4%
2011 (ברצלונה)ליאו מסי
99.4%
2011 (ברצלונה)ליאו מסי
99.4%
2011 (ברצלונה)ליאו מסי
99.4%
2011 (ברצלונה)ליאו מסי
99.4%
2012 (ברצלונה)ליאו מסי
99.4%
2012 (ברצלונה)ליאו מסי
99.4%
2012 (ברצלונה)ליאו מסי
99.4%
2012 (ברצלונה)ליאו מסי
99.4%
2013 (ברצלונה)ליאו מסי
99.4%
2014 (ברצלונה)ליאו מסי
99.4%
2014 (ברצלונה)ליאו מסי
99.4%
2014 (ברצלונה)ליאו מסי
99.4%
2017 (ברצלונה)ליאו מסי
99.4%
2017 (ברצלונה)ליאו מסי
99.4%
2017 (ברצלונה)ליאו מסי
99.4%
2017 (ברצלונה)ליאו מסי
99.4%
2018 (ברצלונה)ליאו מסי
99.4%
2011 (ריאל מדריד)כריסטיאנו רונאלדו
96%
2011 (ריאל מדריד)כריסטיאנו רונאלדו
96%
2011 (ריאל מדריד)כריסטיאנו רונאלדו
96%
2012 (ריאל מדריד)כריסטיאנו רונאלדו
96%
2012 (ריאל מדריד)כריסטיאנו רונאלדו
96%
2012 (ריאל מדריד)כריסטיאנו רונאלדו
96%
2012 (ריאל מדריד)כריסטיאנו רונאלדו
96%
2012 (ריאל מדריד)כריסטיאנו רונאלדו
96%
2012 (ריאל מדריד)כריסטיאנו רונאלדו
96%
2012 (ריאל מדריד)כריסטיאנו רונאלדו
96%
2013 (ריאל מדריד)כריסטיאנו רונאלדו
96%
2013 (ריאל מדריד)כריסטיאנו רונאלדו
96%
2014 (ריאל מדריד)כריסטיאנו רונאלדו
96%
2014 (ריאל מדריד)כריסטיאנו רונאלדו
96%
2015 (ריאל מדריד)כריסטיאנו רונאלדו
96%
2016 (ריאל מדריד)כריסטיאנו רונאלדו
96%
2017 (ריאל מדריד)כריסטיאנו רונאלדו
96%
2018 (ריאל מדריד)כריסטיאנו רונאלדו
96%
2011 (ריאל מדריד)קארים בנזמה
88.5%
2011 (ריאל מדריד)קארים בנזמה
88.5%
שנה שחקן % Correct
2012 (ריאל מדריד)קארים בנזמה
88.5%
2013 (ריאל מדריד)קארים בנזמה
88.5%
2014 (ריאל מדריד)קארים בנזמה
88.5%
2014 (ריאל מדריד)קארים בנזמה
88.5%
2014 (ריאל מדריד)קארים בנזמה
88.5%
2016 (ריאל מדריד)קארים בנזמה
88.5%
2017 (ריאל מדריד)קארים בנזמה
88.5%
2013 (ריאל מדריד)סרחיו ראמוס
88.3%
2016 (ריאל מדריד)סרחיו ראמוס
88.3%
2015 (ברצלונה)לואיס סוארס
84.5%
2015 (ברצלונה)לואיס סוארס
84.5%
2015 (ברצלונה)לואיס סוארס
84.5%
2016 (ברצלונה)לואיס סוארס
84.5%
2017 (ברצלונה)לואיס סוארס
84.5%
2018 (ברצלונה)לואיס סוארס
84.5%
2018 (ברצלונה)לואיס סוארס
84.5%
2018 (ברצלונה)לואיס סוארס
84.5%
2018 (ברצלונה)לואיס סוארס
84.5%
2019 (ברצלונה)לואיס סוארס
84.5%
2019 (ברצלונה)לואיס סוארס
84.5%
2016 (ברצלונה)ג'רארד פיקה
81.9%
2017 (ריאל מדריד, עצמי)ג'רארד פיקה
81.9%
2010 (ברצלונה)צ'אבי
79.1%
2011 (ברצלונה)צ'אבי
79.1%
2012 (ברצלונה)צ'אבי
79.1%
2011 (ברצלונה)אנדרס אינייסטה
77.7%
2014 (ברצלונה)אנדרס אינייסטה
77.7%
2015 (ברצלונה)אנדרס אינייסטה
77.7%
2013 (ברצלונה)ניימאר
73.9%
2014 (ברצלונה)ניימאר
73.9%
2015 (ברצלונה)ניימאר
73.9%
2014 (ריאל מדריד)גארת' בייל
73.4%
2018 (ריאל מדריד)גארת' בייל
73.4%
2011 (ריאל מדריד)מרסלו
70.5%
2018 (ריאל מדריד)מרסלו
70.5%
2013 (ברצלונה)ג'ורדי אלבה
60.7%
2010 (ברצלונה)פדרו
59%
2010 (ברצלונה)פדרו
59%
2011 (ברצלונה)פדרו
59%
2012 (ברצלונה)פדרו
59%
שנה שחקן % Correct
2012 (ברצלונה)פדרו
59%
2012 (ברצלונה)קרלס פויול
55.9%
2013 (ריאל מדריד)רפאל וראן
52.1%
2013 (ריאל מדריד)רפאל וראן
52.1%
2019 (ברצלונה, עצמי)רפאל וראן
52.1%
2010 (ברצלונה)דויד וייה
51%
2010 (ברצלונה)דויד וייה
51%
2011 (ברצלונה)דויד וייה
51%
2012 (ברצלונה)דני אלבס
50.7%
2017 (ריאל מדריד)קאסמירו
45.8%
2017 (ריאל מדריד)מרקו אסנסיו
45.3%
2017 (ריאל מדריד)מרקו אסנסיו
45.3%
2017 (ברצלונה)איבן ראקיטיץ'
44.7%
2019 (ברצלונה)איבן ראקיטיץ'
44.7%
2014 (ריאל מדריד)פפה
43%
2020 (ריאל מדריד)ויניסיוס ג'וניור
39.8%
2011 (ריאל מדריד)מסוט אוזיל
38.1%
2018 (ברצלונה)פיליפה קוטיניו
33.8%
2011 (ברצלונה)אלכסיס סאנצ'ס
33.5%
2012 (ברצלונה)אלכסיס סאנצ'ס
33.5%
2013 (ברצלונה)אלכסיס סאנצ'ס
33.5%
2018 (ברצלונה)ארתורו וידאל
32.7%
2017 (ברצלונה)אלייש וידאל
32.4%
2012 (ריאל מדריד)גונסאלו היגוואין
31.2%
2020 (ריאל מדריד)מריאנו דיאס
30.9%
2011 (ריאל מדריד)צ'אבי אלונסו
27.2%
2017 (ריאל מדריד)חאמס רודריגס
22.3%
2019 (ריאל מדריד)לוקאס ואסקס
20.6%
2012 (ריאל מדריד)סמי חדירה
20.1%
2015 (ברצלונה)ז'רמי מתייה
17.8%
2012 (ברצלונה)אריק אבידל
17.5%
2011 (ברצלונה)ססק פברגאס
15.2%
2013 (ברצלונה)ססק פברגאס
15.2%
2010 (ברצלונה)ג'פרן
14.9%
2012 (ריאל מדריד)אנחל די מריה
14%
2014 (ריאל מדריד)אנחל די מריה
14%
2013 (ריאל מדריד)חסה
13.5%
2019 (ברצלונה)מלקום
13.2%
2014 (ברצלונה)מארק ברטרה
10%
Remove Ads.
Support Sporcle.
Get the best of Sporcle when you Go Orange. This ad-free experience offers more features, more stats, and more fun while also helping to support Sporcle. Thank you for becoming a member.

You're not logged in!

Compare scores with friends on all Sporcle quizzes.
OR
Log In

Show Comments

Extras

Created Oct 23, 2020ReportNominate

Top Quizzes Today


Score Distribution

Your Account Isn't Verified!

In order to create a playlist on Sporcle, you need to verify the email address you used during registration. Go to your Sporcle Settings to finish the process.

Report this User

Report this user for behavior that violates our Community Guidelines.

Details: